[Event "Ruhrgebiet VK2 1213"]
[Site "Nordrheinwestfalen"]
[Date "2013.02.24"]
[Round "7"]
[White "Mueller Clostermann, Bruno"]
[Black "Gruber, Herbert"]
[Result "1-0"]
[WhiteElo "2055"]
[BlackElo "1750"]
[PlyCount "57"]
[EventDate "2012.09.02"]
[EventType "team-tourn"]
[EventRounds "9"]
[EventCountry "GER"]
[SourceTitle "EXT 2020"]
[Source "ChessBase"]
[SourceDate "2019.10.17"]
[SourceVersion "1"]
[SourceVersionDate "2019.10.17"]
[SourceQuality "1"]
[WhiteTeam "Katernberg SF III"]
[BlackTeam "Bottrop SV II"]
[WhiteTeamCountry "GER"]
[BlackTeamCountry "GER"]

1. d4 Nf6 2. Nf3 g6 3. g3 Bg7 4. Bg2 0-0 5. 0-0 d6 6. c4 Nbd7 7. Nc3 c5 8. d5 a6 9. a4 Rb8 10. e4 Ne8 11. Qe2 Ne5 12. Nxe5 Bxe5 13. Bh6 Ng7 14. Kh1 Bd7 15. f4 Bxc3 16. bxc3 b5 17. axb5 axb5 18. cxb5 Rxb5 19. Ra7 Rb8 20. c4 f6 21. g4 Qc8 22. h3 Ra8 23. Rfa1 Rxa7 24. Rxa7 Rd8 25. Qb2 Ne8 26. e5 Bxg4 27. Rxe7 Bxh3 28. e6 Bf5 29. Rf7 1-0

[Event "Ruhrgebiet Verbandsliga1 1011"]
[Site "Nordrheinwestfalen"]
[Date "2010.12.05"]
[Round "4.8"]
[White "Blum, Alfred"]
[Black "Gruber, Herbert"]
[Result "0-1"]
[WhiteElo "1832"]
[BlackElo "1770"]
[PlyCount "156"]
[EventDate "2011.09.12"]
[EventType "team-tourn"]
[EventRounds "9"]
[EventCountry "GER"]
[SourceTitle "EXT 2020"]
[Source "ChessBase"]
[SourceDate "2019.10.17"]
[SourceVersion "1"]
[SourceVersionDate "2019.10.17"]
[SourceQuality "1"]
[WhiteTeam "Katernberg SF III"]
[BlackTeam "Bottrop SV"]
[WhiteTeamCountry "GER"]
[BlackTeamCountry "GER"]

1. d4 g6 2. Nf3 Bg7 3. g3 Nf6 4. Bg2 0-0 5. c4 c6 6. 0-0 d5 7. cxd5 cxd5 8. Nc3 a6 9. Qb3 e6 10. Bf4 Nc6 11. Rac1 Nh5 12. Be3 Na5 13. Qc2 Bd7 14. b3 Rc8 15. Qd2 b5 16. Bg5 Nf6 17. Ne5 Nc6 18. Qf4 Nxe5 19. dxe5 Nh5 20. Bxd8 Nxf4 21. gxf4 Rfxd8 22. e3 Bf8 23. Nb1 b4 24. Rfd1 Bb5 25. Bf1 Be8 26. Nd2 a5 27. Nf3 Rc3 28. Rxc3 bxc3 29. Rc1 Rc8 30. Ba6 Rc7 31. Nd4 Ba3 32. Rc2 Rc5 33. Ne2 Bb4 34. a3 Bxa3 35. Rxc3 Bb4 36. Rxc5 Bxc5 37. Nd4 Kf8 38. Kf1 Ke7 39. Ke2 h6 40. Kd3 f6 41. Nf3 g5 42. exf6+ Kxf6 43. fxg5+ hxg5 44. h4 Bg6+ 45. Kd2 Bb4+ 46. Kd1 g4 47. Ng5 Bf5 48. Bc8 Bf8 49. f4 gxf3 50. Nxf3 Bh6 51. Ke2 Bg4 52. Kf2 Bf8 53. Nd4 Bc5 54. Nc6 Bb6 55. Ke1 Bh5 56. Kd2 Be8 57. Bb7 Kg6 58. Nd4 Bf7 59. Nf3 Kf5 60. Ng5 Bg8 61. Bc8 Bd8 62. Nf3 Bf7 63. Nd4+ Kf6 64. Nf3 Bc7 65. Ng5 Bg8 66. Kd3 Bg3 67. Nf3 e5 68. e4 dxe4+ 69. Kxe4 Bxb3 70. Nd2 Bc2+ 71. Kf3 Bxh4 72. Ne4+ Ke7 73. Nc3 Be1 74. Nd5+ Kd6 75. Ne3 Bd3 76. Ng2 Bd2 77. Ne3 a4 78. Nd1 a3 0-1

[Event "Ruhrgebiet VK3 0405"]
[Site "Ruhrgebiet"]
[Date "2004.10.15"]
[Round "2.8"]
[White "Hellbing, Horst"]
[Black "Gruber, Herbert"]
[Result "0-1"]
[WhiteElo "1961"]
[BlackElo "1892"]
[PlyCount "54"]
[EventDate "2004.09.12"]
[EventType "team"]
[EventRounds "9"]
[EventCountry "GER"]
[SourceTitle "EXT 2006"]
[Source "ChessBase"]
[SourceDate "2005.11.24"]
[SourceVersion "1"]
[SourceVersionDate "2005.11.24"]
[SourceQuality "1"]
[WhiteTeam "Katernberg III"]
[BlackTeam "Bottrop"]
[WhiteTeamCountry "GER"]
[BlackTeamCountry "GER"]

1. e4 c6 2. Nc3 d5 3. Nf3 d4 4. Ne2 c5 5. Ng3 g6 6. Bc4 e6 7. d3 Bg7 8. 0-0 Ne7 9. a4 0-0 10. Bg5 h6 11. Bd2 Nbc6 12. h3 Kh7 13. Nh2 f5 14. f4 Bd7 15. Nf3 Ng8 16. Qe1 a6 17. a5 Qf6 18. Rf2 Rae8 19. Re2 Qd8 20. Qf2 e5 21. exf5 Bxf5 22. Nxf5 Rxf5 23. Rae1 Ref8 24. g4 R5f6 25. Qh4 Kh8 26. Nxe5 Nxe5 27. fxe5 Rf1+ 0-1